<?xml version="1.0" encoding="UTF-8"?>
<collection xmlns="http://www.loc.gov/MARC21/slim">
<record>
  <controlfield tag="001">79868</controlfield>
  <controlfield tag="005">20251001112450.0</controlfield>
  <controlfield tag="008">120117s1830    sp      r     000 0 spa d</controlfield>
  <datafield tag="037" ind1=" " ind2=" ">
    <subfield code="a">CAJ_10_224ar</subfield>
  </datafield>
  <datafield tag="040" ind1=" " ind2=" ">
    <subfield code="a">UZ.GRL</subfield>
  </datafield>
  <datafield tag="080" ind1=" " ind2=" ">
    <subfield code="a">11"18"</subfield>
  </datafield>
  <datafield tag="100" ind1="1" ind2=" ">
    <subfield code="a">Guevara y Basoazábal, Andrés de</subfield>
  </datafield>
  <datafield tag="245" ind1=" " ind2=" ">
    <subfield code="a">Synopsis metaphysicae /</subfield>
    <subfield code="c">Andreae Guevara ; disposita a Michaele Carrera et Sol</subfield>
  </datafield>
  <datafield tag="260" ind1=" " ind2=" ">
    <subfield code="a">Caesar-Aug. [Zaragoza]</subfield>
    <subfield code="b">apud Franciscum Magallon</subfield>
    <subfield code="c">1830</subfield>
  </datafield>
  <datafield tag="300" ind1=" " ind2=" ">
    <subfield code="a">80 p.</subfield>
    <subfield code="c">8º (16 cm)</subfield>
  </datafield>
  <datafield tag="510" ind1="4" ind2=" ">
    <subfield code="a">Ruiz Lasala. Bib. zaragozana S. XIX, 544</subfield>
  </datafield>
  <datafield tag="540" ind1=" " ind2=" ">
    <subfield code="9">info:eu-repo/semantics/openAccess</subfield>
    <subfield code="a">by</subfield>
    <subfield code="u">https://creativecommons.org/licenses/by/4.0/deed.es</subfield>
  </datafield>
  <datafield tag="650" ind1="0" ind2="4">
    <subfield code="a">Metafísica</subfield>
    <subfield code="v">Obras anteriores a 1900</subfield>
  </datafield>
  <datafield tag="700" ind1="1" ind2=" ">
    <subfield code="a">Carrera y Sol, Miguel</subfield>
    <subfield code="e">ed. lit</subfield>
  </datafield>
  <datafield tag="700" ind1="1" ind2=" ">
    <subfield code="a">Magallón, Francisco</subfield>
    <subfield code="e">imp</subfield>
  </datafield>
  <datafield tag="752" ind1=" " ind2=" ">
    <subfield code="a">España</subfield>
    <subfield code="b">Aragón</subfield>
    <subfield code="d">Zaragoza</subfield>
  </datafield>
  <datafield tag="856" ind1="4" ind2=" ">
    <subfield code="s">1370645</subfield>
    <subfield code="u">http://zaguan.unizar.es/record/79868/files/CAJ_10_224ar.xml</subfield>
    <subfield code="y">Fichero METS</subfield>
  </datafield>
  <datafield tag="856" ind1="4" ind2=" ">
    <subfield code="s">16862009</subfield>
    <subfield code="u">http://zaguan.unizar.es/record/79868/files/CAJ_10_224ar.pdf</subfield>
    <subfield code="y">Texto completo (PDF)</subfield>
  </datafield>
  <datafield tag="907" ind1=" " ind2=" ">
    <subfield code="a">.b16192242</subfield>
    <subfield code="b">14-05-19</subfield>
    <subfield code="c">17-01-12</subfield>
  </datafield>
  <datafield tag="909" ind1="C" ind2="O">
    <subfield code="o">oai:zaguan.unizar.es:79868</subfield>
    <subfield code="p">fondo-historico</subfield>
    <subfield code="p">driver</subfield>
  </datafield>
  <datafield tag="945" ind1=" " ind2=" ">
    <subfield code="a">CAJ 10-224ar</subfield>
    <subfield code="g">1</subfield>
    <subfield code="l">100d</subfield>
    <subfield code="n">DIGITALIZACION JUNIO 2019</subfield>
    <subfield code="o">u</subfield>
    <subfield code="p">€0.00</subfield>
    <subfield code="q">-</subfield>
    <subfield code="r">f</subfield>
    <subfield code="s">-</subfield>
    <subfield code="t">20</subfield>
    <subfield code="u">0</subfield>
    <subfield code="v">0</subfield>
    <subfield code="w">0</subfield>
    <subfield code="x">0</subfield>
    <subfield code="y">.i19741893</subfield>
    <subfield code="z">17-01-12</subfield>
  </datafield>
  <datafield tag="970" ind1=" " ind2=" ">
    <subfield code="a">CCPB000402684-5</subfield>
  </datafield>
  <datafield tag="980" ind1=" " ind2=" ">
    <subfield code="a">FH</subfield>
    <subfield code="b">fondos</subfield>
  </datafield>
  <datafield tag="998" ind1=" " ind2=" ">
    <subfield code="a">100</subfield>
    <subfield code="b">17-01-12</subfield>
    <subfield code="c">m</subfield>
    <subfield code="d">a</subfield>
    <subfield code="e">a</subfield>
    <subfield code="f">spa</subfield>
    <subfield code="g">sp</subfield>
    <subfield code="h">0</subfield>
    <subfield code="i">0</subfield>
  </datafield>
</record>
</collection>